[Event "GER-ch U12"]
[Site "Willingen"]
[Date "2020.10.30"]
[Round "5"]
[White "Stadelmann, Constantin"]
[Black "Brandstrup, Luca Alexander"]
[Result "0-1"]
[WhiteElo "1366"]
[BlackElo "1575"]
[PlyCount "58"]
[EventDate "2020.10.26"]
[EventType "swiss"]
[EventRounds "7"]
[EventCountry "GER"]
[SourceTitle "CBM 199 Extra"]
[Source "ChessBase"]
[SourceDate "2021.01.31"]
[SourceVersion "1"]
[SourceVersionDate "2021.01.31"]
[SourceQuality "1"]

1. d4 Nf6 2. Nf3 e6 3. e3 c5 4. b3 d5 5. Bd3 Be7 6. 0-0 0-0 7. Bb2 Nbd7 8. Nbd2 b6 9. Ne5 Nxe5 10. dxe5 Nd7 11. f4 f6 12. Qh5 f5 13. g4 g6 14. Qh3 Bb7 15. Rf3 d4 16. e4 fxe4 17. Nxe4 Rf7 18. c3 dxc3 19. Bxc3 Bd5 20. Re1 Qc7 21. f5 Nxe5 22. Bxe5 Qxe5 23. f6 Qd4+ 24. Kf1 Bxf6 25. g5 Be7 26. Rxf7 Kxf7 27. Qxh7+ Qg7 28. Qh4 Kg8 29. Qf4 Rf8 0-1

[Event "GER-ch U12"]
[Site "Willingen"]
[Date "2020.10.29"]
[Round "4"]
[White "Brandstrup, Luca Alexander"]
[Black "Torosyan, Bagrat"]
[Result "0-1"]
[WhiteElo "1575"]
[BlackElo "1634"]
[PlyCount "50"]
[EventDate "2020.10.26"]
[EventType "swiss"]
[EventRounds "7"]
[EventCountry "GER"]
[SourceTitle "CBM 199 Extra"]
[Source "ChessBase"]
[SourceDate "2021.01.31"]
[SourceVersion "1"]
[SourceVersionDate "2021.01.31"]
[SourceQuality "1"]

1. e4 c5 2. Nf3 d6 3. d4 cxd4 4. Nxd4 Nf6 5. Nc3 a6 6. Be3 e5 7. Nb3 Be6 8. f3 Be7 9. Qd2 Nbd7 10. 0-0-0 b5 11. g4 Nb6 12. g5 Nfd7 13. Nd5 Nxd5 14. exd5 Bf5 15. Na5 Qc7 16. Nc6 Nb8 17. Nxe5 dxe5 18. d6 Bxd6 19. c3 Be7 20. Qd5 Nc6 21. f4 Rd8 22. Qf3 Rxd1+ 23. Kxd1 0-0 24. fxe5 Qd7+ 25. Kc1 Bg4 0-1

[Event "GER-ch U10"]
[Site "Willingen"]
[Date "2017.06.10"]
[Round "11"]
[White "Brandstrup, Luca Alexander"]
[Black "Schott, Andy"]
[Result "0-1"]
[WhiteElo "1083"]
[BlackElo "1143"]
[PlyCount "74"]
[EventDate "2017.06.04"]
[EventType "swiss"]
[EventRounds "11"]
[EventCountry "GER"]
[SourceTitle "CBM 178 Extra"]
[Source "ChessBase"]
[SourceDate "2017.06.22"]
[SourceVersion "1"]
[SourceVersionDate "2017.06.22"]
[SourceQuality "1"]

1. e4 e5 2. Nf3 Nc6 3. d4 exd4 4. Nxd4 Nf6 5. Nc3 Bb4 6. Nxc6 bxc6 7. Bd3 d5 8. exd5 cxd5 9. 0-0 0-0 10. Bg5 c6 11. Qf3 Bd6 12. h3 h6 13. Bh4 Rb8 14. Rab1 Re8 15. b3 Bc7 16. Bg3 Bxg3 17. Qxg3 Rb7 18. Ba6 Rbe7 19. Bxc8 Qxc8 20. f3 Qf5 21. Qf2 Qg6 22. Qd2 Nh5 23. g4 Re6 24. Kh2 Nf6 25. f4 Re3 26. Rf2 Nxg4+ 27. hxg4 Qxg4 28. Kh1 Rh3+ 29. Rh2 Ree3 30. Qg2 Qxg2+ 31. Kxg2 Rxh2+ 32. Kxh2 Rxc3 33. Rc1 Kh7 34. f5 g6 35. fxg6+ fxg6 36. Kg2 h5 37. Kf2 d4 0-1

[Event "GER-ch U10"]
[Site "Willingen"]
[Date "2017.06.09"]
[Round "10"]
[White "Kageler, Anton Paul"]
[Black "Brandstrup, Luca Alexander"]
[Result "1/2-1/2"]
[WhiteElo "1341"]
[BlackElo "1083"]
[PlyCount "129"]
[EventDate "2017.06.04"]
[EventType "swiss"]
[EventRounds "11"]
[EventCountry "GER"]
[SourceTitle "CBM 178 Extra"]
[Source "ChessBase"]
[SourceDate "2017.06.22"]
[SourceVersion "1"]
[SourceVersionDate "2017.06.22"]
[SourceQuality "1"]

1. d4 d5 2. Bf4 Nf6 3. Nf3 Bf5 4. e3 Nc6 5. Bd3 Bxd3 6. Qxd3 e6 7. 0-0 Be7 8. Nbd2 0-0 9. c3 a5 10. Ne5 Nxe5 11. Bxe5 Bd6 12. Nf3 Ng4 13. Bxd6 Qxd6 14. h3 Nf6 15. Ne5 Nd7 16. Nxd7 Qxd7 17. Rac1 c6 18. c4 Rfc8 19. c5 Qc7 20. a3 b5 21. cxb6 Qxb6 22. Qc3 Rab8 23. Rc2 Qb3 24. Rfc1 Qxc3 25. Rxc3 Rb6 26. Rc5 Ra6 27. b4 axb4 28. axb4 Rb6 29. b5 h6 30. Rxc6 Rcxc6 31. bxc6 Rb8 32. Kh2 Kf8 33. Kg3 Ke7 34. Ra1 Kd6 35. Ra7 Rf8 36. Kf4 Kxc6 37. Ke5 Kb6 38. Ra2 Kc6 39. Rc2+ Kd7 40. e4 f6+ 41. Kf4 g5+ 42. Kf3 dxe4+ 43. Kxe4 Ra8 44. Rb2 Ra7 45. d5 Ra4+ 46. Ke3 exd5 47. Rb7+ Ke6 48. Rh7 Rh4 49. Kf3 d4 50. Ke2 Kf5 51. Kd3 g4 52. hxg4+ Rxg4 53. g3 Kg6 54. Rd7 Kf5 55. Rxd4 Rxd4+ 56. Kxd4 Kg4 57. Ke4 h5 58. Ke3 f5 59. Ke2 f4 60. gxf4 Kxf4 61. Kf1 h4 62. Kg2 Kg4 63. f3+ Kf4 64. Kh3 Kxf3 65. Kxh4 1/2-1/2

[Event "GER-ch U10"]
[Site "Willingen"]
[Date "2017.06.08"]
[Round "8"]
[White "Althaus, Lennart"]
[Black "Brandstrup, Luca Alexander"]
[Result "0-1"]
[WhiteElo "1161"]
[BlackElo "1083"]
[PlyCount "72"]
[EventDate "2017.06.04"]
[EventType "swiss"]
[EventRounds "11"]
[EventCountry "GER"]
[SourceTitle "CBM 178 Extra"]
[Source "ChessBase"]
[SourceDate "2017.06.22"]
[SourceVersion "1"]
[SourceVersionDate "2017.06.22"]
[SourceQuality "1"]

1. c4 Nf6 2. Nc3 d5 3. cxd5 Nxd5 4. g3 Nc6 5. Bg2 e6 6. a3 Bc5 7. e4 Nf6 8. Nge2 Ne5 9. d4 0-0 10. dxc5 Nd3+ 11. Kf1 Ng4 12. Be3 Nxe3+ 13. fxe3 Qf6+ 14. Nf4 Rd8 15. Qf3 Nxb2 16. Rb1 Qxc3 17. Kf2 Qc2+ 18. Ne2 Nd3+ 19. Kg1 Qxb1+ 20. Bf1 Ne5 21. Qf4 Qa1 22. Nd4 Qxa3 23. Kf2 Qxc5 24. Be2 a5 25. Nb3 Qb6 26. Qxe5 Qxb3 27. Qxc7 Rd7 28. Rd1 Rxd1 29. Bxd1 Qxd1 30. Qe7 Qd7 31. Qa3 b6 32. Kf3 Bb7 33. Kf4 Rd8 34. h4 Qd6+ 35. Qxd6 Rxd6 36. Ke5 Rd1 0-1